000 00591nam a2200205Ia 4500
003 GCL
008 140319s9999 xx 000 0 ara d
040 _aGCL /
_cGCL
082 0 4 _a364.015
_bس ا
100 1 _aسيد الماحى
245 1 0 _aاطلال الحب ورايات الفجور /
_cسيد الماحى
300 _a342 ص
490 _aالهيئة العامة للاستعلامات
_v0
650 0 4 _aالجريمة والمجرمون
650 0 4 _aالجنس
650 0 4 _aالجريمة
650 0 4 _aعلم الاجرام
650 0 4 _aالحب
942 _2ddc
_cBK
999 _c47279
_d47279